000 00787aam a2200301 4500
005 20260217163854.0
008 150408b2005 xxu||||| |||| 00| 0 spa d
020 _a9974578558
041 _aESP
082 _a364 G237c
100 _aGarofalo, Raffaele
_932223
245 _aCriminología: estudio sobre el delito y la teoría de la represión
260 _aArgentina
260 _bEditorial B de F
260 _c2005
300 _a346 páginas
490 _aInvestigación Criminal
650 _aCRIMINOLOGÍA
650 _a DELITO
650 _aDELITO NATURAL
650 _aCRIMINALIDAD
650 _aTIPOS DE CRIMINALES
650 _aINSTINTOS CRIMINALES
650 _aREPRESIÓN
650 _aPENALIDAD
650 _aPSICOLOGÍA CRIMINAL
942 _cBK
_2ddc
999 _c4347
_d4347